| 000 | 00341nam a2200133Ia 4500 | ||
|---|---|---|---|
| 008 | 240624s9999 xx 000 0 und d | ||
| 041 | _aeng | ||
| 082 | _a302.35 SCO | ||
| 100 | _aSCOTT W RICHARD | ||
| 245 | _aINSTITUTIONAL ENVIRONMENTS AND ORGANIZAT | ||
| 260 |
_c1994 _aNew Delhi _bSage Publications |
||
| 300 | _a334 : p. | ||
| 365 |
_c _b31 |
||
| 999 |
_c20888 _d20888 |
||